Ariane (Record no. 170233)

MARC details
000 -LEADER
campo de control de longitud fija 00711nam a22002055i 4500
001 - NÚMERO DE CONTROL
campo de control 170233
003 - IDENTIFICADOR DE NÚMERO DE CONTROL
campo de control ES-MaACL
005 - FECHA Y HORA DE LA ÚLTIMA TRANSACCIÓN
campo de control 20250520195912.0
008 - DATOS DE LONGITUD FIJA--INFORMACIÓN GENERAL
campo de control de longitud fija 090216s1906 fr |||| | fre d
080 ## - NÚMERO DE LA CLASIFICACIÓN DECIMAL UNIVERSAL
Número de la Clasificación Decimal Universal 782.1
100 0# - ENTRADA PRINCIPAL--NOMBRE DE PERSONA
Nombre de persona Mendès, Catulle.
9 (RLIN) 80102
245 10 - MENCIÓN DEL TÍTULO
Título Ariane
Resto del título : opéra en cinq actes /
Mención de responsabilidad, etc. Catulle Mendès ; musique de J. Massenet.
260 ## - PUBLICACIÓN, DISTRIBUCIÓN, ETC.
Lugar de publicación, distribución, etc. Paris :
Nombre del editor, distribuidor, etc. Heugel et Cie.,
Fecha de publicación, distribución, etc. 1906.
300 ## - DESCRIPCIÓN FÍSICA
Extensión 108 p. ;
Dimensiones 18 cm.
650 14 - PUNTO DE ACCESO ADICIONAL DE MATERIA--TÉRMINO DE MATERIA
Término de materia o nombre geográfico como elemento de entrada Óperas-
Subdivisión de forma Libretos.
9 (RLIN) 137584
700 1# - ENTRADA AGREGADA--NOMBRE PERSONAL
Nombre de persona Massenet, Jules,
Fechas asociadas al nombre 1842-1912
9 (RLIN) 240595
852 ## - LOCALIZACIÓN
Ubicación ES-MaACL
Número de control de estantería 2247-F-27
Nota libre .- Biblioteca Jacinto Martínez Lacalle
852 4# - LOCALIZACIÓN
Ubicación ES-MaACL
Número de control de estantería E-12666
Nota libre . - Biblioteca Jacinto Martínez Lacalle
Holdings
Estatus retirado Estado de pérdida Estado de daño No para préstamo Colección Biblioteca de origen Biblioteca actual Ubicación en estantería Fecha de adquisición Fuente de adquisición Total de préstamos Signatura topográfica completa Código de barras Visto por última vez Precio de reemplazo Tipo de ítem Koha Fuente del sistema de clasificación o colocación Restricciones de uso
        Colección de folletos Biblioteca del Ateneo de Madrid Biblioteca del Ateneo de Madrid Depósito folletos 16/02/2009     2247-F-27 1178718 23/02/2023 23/02/2023 Folleto    
          Biblioteca del Ateneo de Madrid Biblioteca del Ateneo de Madrid Depósito 2 03/06/2009     E-12666 1180362 23/02/2023 23/02/2023 Libro impreso Clasificación decimal universal Duplicado